2016 Movies by Screenshot - Statistics

General Stats
  • This quiz has been taken 931 times
  • The average score is 13 of 16
Answer Stats
Picture Answer % Correct
Deadpool
99%
Rogue One: A Star Wars Story
97%
Doctor Strange
95%
Moana
95%
Finding Dory
94%
Suicide Squad
94%
The Jungle Book
91%
Zootopia
91%
La La Land
88%
Batman v Superman: Dawn of Justice
86%
Captain America: Civil War
84%
Star Trek Beyond
77%
Fantastic Beasts and Where to Find Them
76%
The Secret Life of Pets
72%
X-Men: Apocalypse
50%
Moonlight
42%
No matching quizzes found
Score Distribution
Percent of People with Each Score
Percentile by Number Answered
Your Score History
You have not taken this quiz